000
00292nam a22001337a 4500
020
_a
0-7534-6042-4
082
_a
001
_b
CHA/Q
100
_a
CHAPMAN, JANE
245
_a
QUIZ QUEST 1
260
_a
UNITED STATES
_b
KINGFISHER
_c
2006
300
_a
156
650
_a
QUIZ
_z
UNITED STATES
942
_c
BK
999
_c
2186
_d
2186